T.R. Sullivan journal, (Record no. 41428)

MARC details
000 -LEADER
fixed length control field 01127cpcaa2200301 a 4500
001 - CONTROL NUMBER
control field mm 79003959
003 - CONTROL NUMBER IDENTIFIER
control field DLC
005 - DATE AND TIME OF LATEST TRANSACTION
control field 20260227111645.0
008 - FIXED-LENGTH DATA ELEMENTS--GENERAL INFORMATION
fixed length control field 791217|||||||||||| eng
010 ## - LIBRARY OF CONGRESS CONTROL NUMBER
LC control number mm 79003959
040 ## - CATALOGING SOURCE
Original cataloging agency DLC
Transcribing agency DLC
Description conventions dacs
Modifying agency DLC
072 #7 - SUBJECT CATEGORY CODE
Subject category code W
Source lcmd
100 1# - MAIN ENTRY--PERSONAL NAME
Personal name Sullivan, T. R.
Fuller form of name (Thomas Russell),
Dates associated with a name 1799-1862.
245 00 - TITLE STATEMENT
Title T.R. Sullivan journal,
Inclusive dates 1839-1861.
300 ## - PHYSICAL DESCRIPTION
Extent 1
Type of unit item.
506 0# - RESTRICTIONS ON ACCESS NOTE
Terms governing access Open to research.
520 8# - SUMMARY, ETC.
Summary, etc. Journal (79 pages) describing a trip (1839 June-July) to Kentucky and Ohio; also includes entries from June 1861.
545 0# - BIOGRAPHICAL OR HISTORICAL DATA
Biographical or historical data Author and abolitionist.
546 ## - LANGUAGE NOTE
Language note Collection material in English.
580 ## - LINKING ENTRY COMPLEXITY NOTE
Linking entry complexity note Forms part of: Miscellaneous Manuscripts collection.
651 #0 - SUBJECT ADDED ENTRY--GEOGRAPHIC NAME
Geographic name Kentucky
General subdivision Description and travel.
651 #0 - SUBJECT ADDED ENTRY--GEOGRAPHIC NAME
Geographic name Ohio
General subdivision Description and travel.
651 #0 - SUBJECT ADDED ENTRY--GEOGRAPHIC NAME
Geographic name United States
General subdivision History
Chronological subdivision Civil War, 1861-1865
Form subdivision Diaries.
656 #7 - INDEX TERM--OCCUPATION
Occupation Abolitionists.
Source of term itoamc
656 #7 - INDEX TERM--OCCUPATION
Occupation Authors.
Source of term itoamc

No items available.

Powered by Koha